| 000 | 00489nam a2200157 a 4500 | ||
|---|---|---|---|
| 001 | 000028325 | ||
| 005 | 20200930031536.0 | ||
| 008 | 110407s1969 dr 000 0 eng d | ||
| 040 |
_aDO-SdBNP _bspa _cBNPHU |
||
| 082 |
_axxxx _bC215v, 1969 |
||
| 100 | 1 |
_aCanclini, Arnoldo _923732 |
|
| 245 | 1 | 0 |
_aVamos al calvario : _blas siete palabras desde la cruz / _cArnoldo Canclini. |
| 260 |
_a[Santo Domingo] : _bCasa Bautista de Publicaciones, _c1969. |
||
| 300 |
_a31 p. ; _c20 cm. |
||
| 049 | _aBNPD | ||
| 999 |
_c27817 _d27817 |
||